000 00267 a2200121 4500
245 _aThree Daughters of China
_hText
020 _a0006374921
100 _aWild Swans
100 _aJung Chang
650 _aHistory
005 20191021095750.0
260 _bHarperFlamingo
_c1991
084 _aNONE
999 _c12650
_d12650